Changes in streamflow, concentrations, and loads in selected nontidal basins in the Chesapeake Bay Watershed, 1985-2006 /

Bibliographic Details
Main Author: Langland, Michael J.
Corporate Authors: United States. Environmental Protection Agency, Geological Survey (U.S.)
Other Authors: Moyer, Douglas L., Blomquist, Joel D.
Format: Government Document eBook
Language:English
Published: Reston, Va. : U.S. Geological Survey, 2007.
Series:U.S. Geological Survey open-file report ; 2007-1372.
Subjects:
Online Access:https://purl.fdlp.gov/GPO/LPS89112

MARC

Tag First Indicator Second Indicator Subfields
LEADER 00000cam a2200000Ia 4500
001 in00002385721
005 20211129155433.0
006 m d f
007 cr mn|||||||||
008 071128s2007 vauab sb f000 0 eng d
035 |a (OCoLC)ocn182554231 
040 |a GIS  |c GIS  |d GPO  |d MvI  |d UtOrBLW 
043 |a n-us-md  |a n-us-va 
049 |a WWW 
074 |a 0624-H (online) 
086 0 |a I 19.76:2007-1372 
100 1 |a Langland, Michael J. 
245 1 0 |a Changes in streamflow, concentrations, and loads in selected nontidal basins in the Chesapeake Bay Watershed, 1985-2006 /  |c by Michael J. Langland, Douglas L. Moyer, and Joel Blomquist ; in cooperation with the U.S. Environmental Protection Agency [and others]. 
264 1 |a Reston, Va. :  |b U.S. Geological Survey,  |c 2007. 
300 |a 1 electronic text :  |b HTML, digital, PDF file. 
336 |a text  |b txt  |2 rdacontent 
337 |a computer  |b c  |2 rdamedia 
338 |a online resource  |b cr  |2 rdacarrier 
490 1 |a Open-file report ;  |v 2007-1372 
538 |a Mode of access: Internet from the USGS web site. Address as of 1/3/08: http://pubs.usgs.gov/of/2007/1372/ ; current access via PURL. 
500 |a Title from PDF title screen (viewed on Nov. 26, 2007). 
504 |a Includes bibliographical references. 
516 |a Appendix 3, 5, 6, and 8 in Excel. 
500 |a Electronic resource. 
650 0 |a Water quality  |z Chesapeake Bay Watershed. 
650 0 |a Streamflow  |z Chesapeake Bay Watershed. 
650 0 |a Nutrient pollution of water  |z Chesapeake Bay Watershed. 
650 0 |a Sediment transport  |z Chesapeake Bay Watershed. 
700 1 |a Moyer, Douglas L. 
700 1 |a Blomquist, Joel D. 
710 1 |a United States.  |b Environmental Protection Agency. 
710 2 |a Geological Survey (U.S.) 
830 0 |a U.S. Geological Survey open-file report ;  |v 2007-1372. 
856 4 0 |u https://purl.fdlp.gov/GPO/LPS89112  |t 0 
999 |a MARS 
999 f f |s 93058576-2b7d-3cc4-87e6-ee3692e5fbe1  |i e4189019-0b34-37b3-ac07-2494b0382468  |t 0 
952 f f |a Texas A&M University  |b College Station  |c Electronic Resources  |d Available Online  |t 0  |e I 19.76:2007-1372  |h Superintendent of Documents classification 
998 f f |a I 19.76:2007-1372  |t 0  |l Available Online